000
00335nam a2200133Ia 4500
008
100328s9999 xx 000 0 und d
082
_b
20444
100
_a
किर गिरीजा
245
_a
दर्शन
260
_b
हेमचंद्र
630
_a
दर्शन
730
_a
दर्शन
942
_c
BOOK
999
_c
514585
_d
514582